Química 4; aula taller /

Guardado en:
Autor Principal: Mautino, José María
Formato: Libro
Publicado: Buenos Aires : Stella, 1992
Materias:
Etiquetas: Agregar Etiqueta
Sin Etiquetas, Sea el primero en etiquetar este registro!
LEADER 01829nam a22003735a 4500
001 CEM.cems016001
008 130507s1992##################000#0#####d
005 20241220093946.0
245 1 0 |a Química 4; aula taller /  |c José María Mautino, 
260 |a Buenos Aires :  |b Stella,  |c 1992 
300 |a 416 p. 
100 1 |a Mautino, José María 
082 0 4 |a 540 
653 |a Química general 
653 |a Química iorgánica 
653 |a Química 
653 |a Química 4to. año 
859 |a CEMS  |b BIB. CEMS - Agricultura  |h 540  |i M448  |p A17877.94  |t Ej.1  |3 4 
859 |a CEMS  |b BIB. CEMS - Agricultura  |h 540  |i M448  |p A17878.94  |t Ej.2  |3 4 
859 |a CEMS  |b BIB. CEMS - Agricultura  |h 540  |i M449  |p A16702.92  |t Ej.1  |3 IV 
859 |a CEMS  |b BIB. CEMS - 11 de abril  |h 540  |i M449  |p 16962.93  |t Ej.2  |v IV  |3 IV 
859 |a CEMS  |b BIB. CEMS - 11 de abril  |h 540  |i M449  |p 16963.93  |t Ej.3  |v IV  |3 IV 
859 |a CEMS  |b BIB. CEMS - 11 de abril  |h 540  |i M449  |p 16964.93  |t Ej.4  |v IV  |3 IV 
859 |a CEMS  |b BIB. CEMS - 11 de abril  |h 540  |i M449  |p 16965.93  |t Ej.5  |v IV  |3 IV 
859 |a CEMS  |b BIB. CEMS - 11 de abril  |h 540  |i M449  |p 16966.93  |t Ej.6  |v IV  |3 IV 
859 |a CEMS  |b BIB. CEMS - 11 de abril  |h 540  |i M449  |p 16967.93  |t Ej.7  |v IV  |3 IV 
859 |a CEMS  |b BIB. CEMS - 11 de abril  |h 540  |i M449  |p 17109.93  |t Ej.8  |v IV  |3 IV 
859 |a CEMS  |b BIB. CEMS - 11 de abril  |h 540  |i M449  |p 17110.93  |t Ej.9  |v IV  |3 IV 
859 |a CEMS  |b BIB. CEMS - Agricultura  |h 540  |i M449  |p A17111.93  |t Ej.10  |v IV  |3 IV 
859 |a CEMS  |b BIB. CEMS - 11 de abril  |h 540  |i M449  |p 19237.97  |t Ej.11  |v IV  |3 IV 
859 |a CEMS  |b BIB. CEMS - 11 de abril  |h 540  |i M449  |p 19239.97  |t Ej.13  |v IV  |3 IV 
859 |a CEMS  |b BIB. CEMS - 11 de abril  |h 540  |i M449  |p 22084.03  |t Ej.14  |v IV  |3 IV 
859 |a CEMS  |b BIB. CEMS - 11 de abril  |h 540  |i M449  |p 22083.03  |t Ej.15  |v IV  |3 IV 
859 |a CEMS  |b BIB. CEMS - 11 de abril  |h 540  |i M449  |p 22086.03  |t Ej.16  |v IV  |3 IV